| 000 | 00836na a2200253 4500 | ||
|---|---|---|---|
| 001 | 24268 | ||
| 003 | MIRAKIL | ||
| 005 | 20181213155332.0 | ||
| 008 | 181003b tu 000 0 | ||
| 020 | _a9789751627759 | ||
| 040 |
_aMilas _btur _cTR-AnCHP |
||
| 041 | _atur | ||
| 082 |
_a370.89956675 _bY44o 2014 |
||
| 090 | _a370.89956675 Y44o 2014 | ||
| 100 | _aYıldız, Hatip | ||
| 245 |
_aOsmanlı yenileşme döneminde Diyarbekir vilayeti'nde eğitim (1870-1920) _cHatip Yıldız |
||
| 260 |
_aAnkara _bTürk Tarih Kurumu _c2014 |
||
| 300 |
_axvi, 368 s. _bres.; tbl. _c23 sm. |
||
| 440 |
_aAKDTYK Türk Tarih Kurumu yayınları _vIV/A-2-2.8. dizi-sa. 7. |
||
| 504 | _aKaynakça ve dizin var. | ||
| 650 | _aTürk Eğitim tarihi | ||
| 650 |
_aEğitim ve öğretim _xTürkiye _xTarih _y1870-1920 _zDiyarbakır |
||
| 942 |
_2dcc _cBKS |
||
| 999 |
_c10764 _d10764 |
||